000
00247nam a2200097Ia 4500
001
679807
005
20250826161329.0
008
250824s9999 xx 000 0 und d
245
0
_a
YEŞİL TATİL
_c
TURGAY FİŞEKÇİ
260
_b
GÜNIŞIĞI YAYINLARI
999
_c
679807
_d
679807